00501 2200205 4500245005100000020001800051250001100069100002700080700001400107650001700121650001000138005001900148260004200167041001400209084001200223300002000235336000900255337001000264338002100274 aUmar bin KhattabcMuhammad Husain HaekalhText a979-8100-38-7 aCet. 3 aMuhammad Husain Haekal aAli Audah aSahabat Nabi aEbook a20230616074023 aBogorbPustaka Litera AntarNusac2002 aIndonesia a297.648 a912 hlm. :cPDF atext aother aother (computer)